| 000 | 00848nam a2200253Ia 4500 | ||
|---|---|---|---|
| 003 | OSt | ||
| 005 | 20221005112140.0 | ||
| 006 | a|||||r|||| 00| 0 | ||
| 007 | ta | ||
| 008 | 221004b |||||||| |||| 00| 0 pan d | ||
| 020 | _a8172054971 (hbk) | ||
| 024 | _a17955 | ||
| 037 |
_bGift, 26/05/2015, _cTextual |
||
| 040 |
_aCRL _cCRL _bpan |
||
| 041 |
_2pan _apan |
||
| 082 | _aV243.M, 153Q3 | ||
| 100 | _aਚੀਮਾ, ਹਰਭਜਨ ਸਿੰਘ | ||
| 245 | 0 | _aਜੰਗ ਹਿੰਦ ਪੰਜਾਬ ਦਾ | |
| 260 |
_aਅੰਮ੍ਰਿਤਸਰ _bਸਿੰਘ ਬ੍ਰਦਰਗ਼ ਭਾਰਤ _c2013 |
||
| 300 |
_a272ਪੰ _ccm. |
||
| 650 | _aਭਾਰਤੀਯ ਇਤਿਹਾਸ | ||
| 942 |
_hV243.M, 153Q3 _cTEXL _2cc |
||
| 999 |
_c1023967 _d1023967 |
||